[Event "14th EUR-ch"]
[Site "Legnica POL"]
[Date "2013.05.09"]
[Round "5"]
[White "Cheparinov, Ivan"]
[Black "Kolosowski, Mateusz"]
[Result "1-0"]
[WhiteElo "2700"]
[BlackElo "2421"]
[EventDate "2013.05.05"]
[PlyCount "81"]

1.d4 Nf6 2.c4 g6 3.g3 Bg7 4.Bg2 d5 5.cxd5 Nxd5 6.Nf3 Nb6 7.Nc3 Nc6 8.e3 e5
9.d5 Ne7 10.e4 Bg4 11.O-O O-O 12.a4 Nc4 13.h3 Bd7 14.b3 Nd6 15.Ba3 h6 16.
Re1 g5 17.Nd2 f5 18.exf5 Nexf5 19.Nc4 Qf6 20.Ra2 Rfe8 21.Rae2 Nd4 22.Rxe5 
Nxc4 23.Rxe8+ Rxe8 24.Rxe8+ Bxe8 25.bxc4 Nf3+ 26.Qxf3 Qxf3 27.Bxf3 Bxc3 
28.Bd1 b6 29.Bc2 Bd4 30.Kf1 Bd7 31.g4 Kf7 32.Ke2 c5 33.Bc1 Kf6 34.f4 Bc3 
35.Kf3 a5 36.Be3 Be1 37.Bg1 Be8 38.Bh2 Bd2 39.fxg5+ Kxg5 40.Bc7 Kh4 41.Kg2
1-0

[Event "14th EUR-ch"]
[Site "Legnica POL"]
[Date "2013.05.09"]
[Round "5"]
[White "Durarbayli, Vasif"]
[Black "Kanovsky, David"]
[Result "1-0"]
[WhiteElo "2597"]
[BlackElo "2404"]
[EventDate "2013.05.05"]
[PlyCount "73"]

1.d4 Nf6 2.c4 g6 3.g3 Bg7 4.Bg2 O-O 5.Nf3 c5 6.O-O cxd4 7.Nxd4 Nc6 8.Nc3 
Nxd4 9.Qxd4 d6 10.Qd3 a6 11.Bd2 Rb8 12.Rac1 Bf5 13.e4 Bd7 14.a4 Ng4 15.Qe2
Ne5 16.b3 Nc6 17.Be3 Nd4 18.Qd1 e5 19.Ne2 Qb6 20.Nxd4 exd4 21.Bf4 Rbe8 22.
a5 Qb4 23.Qe1 Qa3 24.Qd2 Bc6 25.Ra1 Qxb3 26.Bxd6 Qxc4 27.Bxf8 Kxf8 28.Rac1
Qb3 29.Rfe1 d3 30.Red1 Bb5 31.Bf1 Rd8 32.Qg5 Re8 33.Qe3 Rd8 34.Qb6 Ke8 35.
Qxb7 Bd4 36.Bxd3 Bxf2+ 37.Kg2 1-0

[Event "14th EUR-ch"]
[Site "Legnica POL"]
[Date "2013.05.09"]
[Round "5"]
[White "Kempinski, Robert"]
[Black "Mazur, Stefan"]
[Result "1-0"]
[WhiteElo "2580"]
[BlackElo "2402"]
[EventDate "2013.05.05"]
[PlyCount "86"]

1.d4 Nf6 2.Nf3 e6 3.e3 b6 4.Bd3 Bb7 5.Nbd2 d5 6.O-O Bd6 7.c4 O-O 8.b3 Ne4 
9.Bb2 Nd7 10.Qe2 Ndf6 11.Rac1 a5 12.Ne5 Nxd2 13.Qxd2 dxc4 14.bxc4 Bxe5 15.
dxe5 Ne4 16.Qe2 Qh4 17.f3 Nc5 18.Bc2 Rfd8 19.Rfd1 Ba6 20.Rd4 Qe7 21.Rcd1 
Nb7 22.Qd3 g6 23.Qb3 c5 24.R4d3 Rxd3 25.Bxd3 Rd8 26.Rb1 a4 27.Qc3 Na5 28.
Bf1 Qh4 29.e4 Nc6 30.Bc1 Rd1 31.Bg5 Rxf1+ 32.Kxf1 Qxg5 33.Rxb6 Nd4 34.Rxa6
Qh4 35.Ra5 Qxh2 36.Rxc5 Qh1+ 37.Kf2 Qd1 38.Rc8+ Kg7 39.Rd8 Qe2+ 40.Kg3 Nc6
41.Rd6 Ne7 42.Rd7 h5 43.Qd2 Qf1 1-0

[Event "14th EUR-ch"]
[Site "Legnica POL"]
[Date "2013.05.09"]
[Round "5"]
[White "Djukic, Nikola"]
[Black "Hagen, Andreas Skytte"]
[Result "1/2-1/2"]
[WhiteElo "2555"]
[BlackElo "2400"]
[EventDate "2013.05.05"]
[PlyCount "119"]

1.e4 e5 2.Nf3 Nc6 3.Bb5 Nf6 4.O-O Nxe4 5.d4 Nd6 6.Bxc6 dxc6 7.dxe5 Nf5 8.
Qxd8+ Kxd8 9.h3 h6 10.Rd1+ Ke8 11.Nc3 Ne7 12.Bf4 Ng6 13.Bh2 Bb4 14.Ne2 Bd7
15.Ng3 h5 16.Nd4 Ne7 17.Ne4 Nf5 18.e6 Bxe6 19.Nxe6 fxe6 20.Bxc7 Be7 21.Re1
h4 22.c3 Rh6 23.Re2 g5 24.Rae1 Kd7 25.Be5 Rg8 26.Rd2+ Kc8 27.Red1 Rd8 28.
Rxd8+ Bxd8 29.Nd6+ Nxd6 30.Bxd6 Rf6 31.Kf1 Rf5 32.Ke2 Bb6 33.f3 Bc7 34.Be7
Bf4 35.c4 Rf7 36.Bc5 b6 37.Bf2 c5 38.Be1 Be5 39.b3 Bd4 40.Bd2 Rf5 41.Kd3 
Be5 42.Ke4 Kc7 43.a3 a5 44.Rb1 Bd6 45.Bc3 Rf4+ 46.Kd3 Rf5 47.Re1 Kd7 48.
Re4 Bf4 49.b4 axb4 50.axb4 cxb4 51.Bxb4 b5 52.Re2 bxc4+ 53.Kxc4 Bd6 54.Bc3
Ke7 55.Ra2 Be5 56.Bd2 Bf4 57.Bb4+ Kf6 58.Ra8 Rd5 59.Rf8+ Kg7 60.Re8 
1/2-1/2

[Event "14th EUR-ch"]
[Site "Legnica POL"]
[Date "2013.05.09"]
[Round "5"]
[White "Bukavshin, Ivan"]
[Black "Nedilko, Vasyl"]
[Result "1-0"]
[WhiteElo "2520"]
[BlackElo "2396"]
[EventDate "2013.05.05"]
[PlyCount "69"]

1.d4 Nf6 2.c4 g6 3.Nf3 Bg7 4.g3 d5 5.cxd5 Nxd5 6.Bg2 O-O 7.O-O Nc6 8.Nc3 
Bf5 9.Nd2 Nxc3 10.bxc3 Qd7 11.Ne4 Bxe4 12.Bxe4 Na5 13.Rb1 Rab8 14.h4 c5 
15.dxc5 Qc7 16.Qa4 b6 17.Rb5 a6 18.cxb6 axb5 19.bxc7 bxa4 20.cxb8=Q Rxb8 
21.Bc2 Bxc3 22.Bxa4 Kg7 23.Rd1 Bf6 24.Kg2 Rb4 25.Bc2 Rc4 26.Bd3 Ra4 27.Rd2
Nc4 28.Rc2 Nb6 29.Bd2 Nd5 30.Bc4 Nb6 31.Bb3 Ra8 32.Rc7 h6 33.Be3 Na4 34.
Bd2 Nb6 35.e4 1-0

[Event "14th EUR-ch"]
[Site "Legnica POL"]
[Date "2013.05.09"]
[Round "5"]
[White "Mastrovasilis, Athanasios"]
[Black "Tari, Aryan"]
[Result "1-0"]
[WhiteElo "2514"]
[BlackElo "2385"]
[EventDate "2013.05.05"]
[PlyCount "79"]

1.d4 d5 2.c4 dxc4 3.e4 Nf6 4.e5 Nd5 5.Bxc4 Nb6 6.Bd3 Nc6 7.Ne2 Nb4 8.Be4 
f5 9.exf6 exf6 10.Nf4 g6 11.O-O Bd6 12.Qb3 Bxf4 13.Bxf4 N4d5 14.Re1 Kf8 
15.Bh6+ Kf7 16.Nc3 Be6 17.Bf3 c6 18.Ne4 Qc7 19.Nc5 Rhe8 20.a4 a5 21.Bd2 
Re7 22.Rac1 Bc8 23.Rxe7+ Qxe7 24.Re1 Qd6 25.h4 Ra7 26.h5 Ra8 27.Be4 Kg7 
28.Qd3 Ne7 29.Qe3 Bf5 30.Qh6+ Kh8 31.hxg6 Bxg6 32.Nxb7 Qb8 33.Nc5 Nbd5 34.
Bxg6 Nxg6 35.b3 Qc7 36.g3 Rg8 37.Re6 f5 38.Bg5 Qf7 39.Rd6 Rf8 40.Rxg6 1-0

[Event "14th EUR-ch"]
[Site "Legnica POL"]
[Date "2013.05.09"]
[Round "5"]
[White "Pasiev, Rakhim"]
[Black "Romanyshyn, Oleh"]
[Result "1/2-1/2"]
[WhiteElo "2379"]
[BlackElo "2504"]
[EventDate "2013.05.05"]
[PlyCount "80"]

1.e4 e5 2.Nf3 Nc6 3.Nc3 Nf6 4.Bb5 Nd4 5.Bc4 Nxf3+ 6.Qxf3 d6 7.Nd5 Be7 8.
Nxe7 Qxe7 9.d3 Be6 10.Bg5 h6 11.Bxf6 Qxf6 12.Qxf6 gxf6 13.f4 Bxc4 14.dxc4 
Rg8 15.O-O Ke7 16.Rf3 Rg4 17.Raf1 Rag8 18.g3 exf4 19.Rxf4 Rxf4 20.Rxf4 Rg5
21.Kf2 Rh5 22.h4 Ra5 23.a3 Ra4 24.c5 dxc5 25.Ke3 Ra6 26.Rf5 Rb6 27.Rxc5 
Rxb2 28.Rxc7+ Ke6 29.Kf4 a5 30.Rc5 a4 31.Rc4 b5 32.Rc6+ Ke7 33.Kf5 b4 34.
axb4 Rxb4 35.Rc7+ Kf8 36.Rc5 Kg7 37.Ra5 Rc4 38.Kf4 Kg6 39.h5+ Kg7 40.g4 
Rxc2 1/2-1/2

[Event "14th EUR-ch"]
[Site "Legnica POL"]
[Date "2013.05.09"]
[Round "5"]
[White "Vedder, Henk"]
[Black "Neverov, Valeriy"]
[Result "0-1"]
[WhiteElo "2368"]
[BlackElo "2489"]
[EventDate "2013.05.05"]
[PlyCount "186"]

1.e4 c5 2.Nf3 e6 3.Nc3 a6 4.g3 b5 5.Bg2 Bb7 6.d3 d6 7.Ng5 h6 8.Nh3 g6 9.
O-O Bg7 10.f4 Ne7 11.Qe2 Nbc6 12.Nd1 Qd7 13.c3 O-O 14.Ne3 f5 15.g4 fxe4 
16.dxe4 d5 17.Nc2 Rad8 18.Nf2 d4 19.cxd4 Nxd4 20.Nxd4 Bxd4 21.Be3 Bxe3 22.
Qxe3 Qd4 23.Qb3 c4 24.Qa3 Nc6 25.Rad1 Qb6 26.Rxd8 Nxd8 27.Qg3 Qd4 28.b3 c3
29.a3 e5 30.f5 Nf7 31.g5 c2 32.gxh6 g5 33.Qd3 Rc8 34.Rc1 Qb2 35.Qd2 Qxb3 
36.Bf1 Qc3 37.Qd7 Qc6 38.h7+ Kf8 39.Qxc6 Rxc6 40.Bd3 Kg7 41.Rxc2 Rxc2 42.
Bxc2 Kxh7 43.Ng4 Nd6 44.Kf2 Kg7 45.f6+ Kg6 46.Nxe5+ Kxf6 47.Nd7+ Ke6 48.
Nc5+ Ke5 49.Ke3 Nc4+ 50.Kd3 Bc6 51.a4 Nd6 52.axb5 Bxb5+ 53.Ke3 a5 54.Kf3 
Nc4 55.h3 Kd4 56.Nb3+ Kc3 57.Nxa5 Nxa5 58.Kg4 Kxc2 59.Kxg5 Kd3 60.h4 Kxe4 
61.h5 Ke5 62.Kg6 Be8+ 63.Kg5 Ke6 64.h6 Kf7 65.h7 Kg7 66.h8=Q+ Kxh8 67.Kf6 
Nc6 68.Kf5 Bf7 69.Kf6 Kg8 70.Kf5 Kg7 71.Ke4 Kf6 72.Kd3 Ke5 73.Kc3 Ke4 74.
Kb2 Kd3 75.Ka1 Kc3 76.Kb1 Nb4 77.Ka1 Nc2+ 78.Kb1 Be6 79.Kc1 Ba2 80.Kd1 Nd4
81.Ke1 Kd3 82.Kf2 Ne2 83.Kf3 Be6 84.Kf2 Bd5 85.Ke1 Ke3 86.Kd1 Bb3+ 87.Ke1 
Nf4 88.Kf1 Ba4 89.Ke1 Ng2+ 90.Kf1 Kf3 91.Kg1 Kg3 92.Kf1 Bb5+ 93.Kg1 Nf4 
0-1

[Event "14th EUR-ch"]
[Site "Legnica POL"]
[Date "2013.05.09"]
[Round "5"]
[White "Wagner, Dennis"]
[Black "Rindlisbacher, Lars"]
[Result "1-0"]
[WhiteElo "2487"]
[BlackElo "2312"]
[EventDate "2013.05.05"]
[PlyCount "113"]

1.d4 Nf6 2.c4 e6 3.Nf3 d5 4.g3 dxc4 5.Bg2 a6 6.O-O Nc6 7.Bg5 Be7 8.e3 Bd7 
9.Bxf6 Bxf6 10.Nbd2 b5 11.b3 cxb3 12.Nxb3 Rb8 13.Nc5 Bc8 14.Nd2 Ne7 15.
Nde4 Nd5 16.Nxf6+ Nxf6 17.Bc6+ Ke7 18.Qb3 Qd6 19.Bg2 Rd8 20.Rfd1 Kf8 21.
Rac1 Qe7 22.Qc2 Rb6 23.Nd3 Bb7 24.Qxc7 Qxc7 25.Rxc7 Rd7 26.Rxd7 Nxd7 27.
Nc5 Bc6 28.Rc1 Ke7 29.Nb3 Bxg2 30.Kxg2 Kd8 31.Kf3 Nb8 32.e4 Rc6 33.Ke3 
Rxc1 34.Nxc1 Kc7 35.Nd3 Nc6 36.f4 Kd6 37.g4 a5 38.h4 g6 39.g5 b4 40.Nc5 
Nd8 41.Kd3 Nc6 42.Kc4 Kc7 43.Nd3 Kb6 44.Ne5 Nd8 45.d5 exd5+ 46.exd5 Kc7 
47.Kb5 Kd6 48.Kxa5 b3 49.axb3 Kxd5 50.Kb6 Ne6 51.b4 Nxf4 52.Nxf7 Kc4 53.
Ka5 Nd5 54.Nd6+ Kd4 55.Ne8 Ke5 56.b5 Kf5 57.Nf6 1-0

[Event "14th EUR-ch"]
[Site "Legnica POL"]
[Date "2013.05.09"]
[Round "5"]
[White "Muzychuk, Mariya"]
[Black "Ivic, Mateo"]
[Result "1-0"]
[WhiteElo "2483"]
[BlackElo "2278"]
[EventDate "2013.05.05"]
[PlyCount "63"]

1.e4 e5 2.Nf3 Nc6 3.d4 exd4 4.Nxd4 Bc5 5.Nb3 Bb6 6.Nc3 Qf6 7.Qe2 Nge7 8.h4
Nd4 9.Nxd4 Qxd4 10.Be3 Qb4 11.O-O-O O-O 12.h5 d5 13.a3 Qd6 14.exd5 Nf5 15.
Bxb6 axb6 16.Nb5 Qd8 17.Qd2 Bd7 18.g4 Bxb5 19.Bxb5 Nd6 20.h6 g6 21.Qd4 f6 
22.Bd3 Qd7 23.f3 Ra4 24.Qf2 b5 25.c3 Nf7 26.Qc5 Nd6 27.Rhe1 b6 28.Qc6 Qxc6
29.dxc6 Rf4 30.Re3 Re8 31.Rxe8+ Nxe8 32.Bxb5 1-0

[Event "14th EUR-ch"]
[Site "Legnica POL"]
[Date "2013.05.09"]
[Round "5"]
[White "Fodor, Tamas jr"]
[Black "Musialkiewicz, Jan"]
[Result "1-0"]
[WhiteElo "2475"]
[BlackElo "2256"]
[EventDate "2013.05.05"]
[PlyCount "61"]

1.d4 d5 2.c4 c6 3.Nf3 Nf6 4.e3 Bf5 5.Nc3 e6 6.Be2 Nbd7 7.Nh4 Bg6 8.Nxg6 
hxg6 9.h3 Bd6 10.Qb3 Qc7 11.Bd2 O-O 12.Rc1 Qb6 13.Qc2 dxc4 14.Bxc4 e5 15.
dxe5 Nxe5 16.Be2 Rad8 17.O-O g5 18.Na4 Qc7 19.Qf5 Ng6 20.Bc3 Bh2+ 21.Kh1 
Rd5 22.Qc2 Nh4 23.Bc4 Rf5 24.e4 Rf4 25.Nc5 Nh5 26.Qd1 Nf6 27.g3 Nxe4 28.
Nxe4 Rxe4 29.Bd3 Rd8 30.Kxh2 Nf5 31.Qf3 1-0

[Event "14th EUR-ch"]
[Site "Legnica POL"]
[Date "2013.05.09"]
[Round "5"]
[White "Can, Emre"]
[Black "Ulanowski, Karol"]
[Result "1-0"]
[WhiteElo "2471"]
[BlackElo "2091"]
[EventDate "2013.05.05"]
[PlyCount "74"]

1.e4 e5 2.Nf3 Nc6 3.Bc4 Bc5 4.c3 Nf6 5.d3 d6 6.Bb3 a6 7.h3 Ba7 8.Nbd2 O-O 
9.Nf1 d5 10.Qe2 Qd6 11.Ng3 Be6 12.Bc2 b5 13.Bg5 Nd7 14.exd5 Bxd5 15.Ne4 
Qe6 16.Be3 Bxe3 17.Qxe3 f5 18.Ned2 Rae8 19.O-O Kh8 20.Rae1 h6 21.Bb3 Nf6 
22.Nh4 Kh7 23.f4 Bxb3 24.axb3 e4 25.dxe4 fxe4 26.f5 Qd5 27.Rf4 Rf7 28.Re2 
Na5 29.Nxe4 Nxe4 30.Rxe4 Rxe4 31.Qxe4 Qxe4 32.Rxe4 Nxb3 33.g4 Rd7 34.Ng6 
Rd8 35.Re7 Rc8 36.Nf4 Nc5 37.Nh5 Rg8 1-0

[Event "14th EUR-ch"]
[Site "Legnica POL"]
[Date "2013.05.09"]
[Round "5"]
[White "Matsenko, Andrei"]
[Black "Aghasarian, Robert"]
[Result "0-1"]
[WhiteElo "2212"]
[BlackElo "2445"]
[EventDate "2013.05.05"]
[PlyCount "66"]

1.e4 e5 2.Nf3 Nc6 3.Bb5 Nf6 4.d3 Bc5 5.O-O d6 6.Be3 Bxe3 7.fxe3 O-O 8.Nc3 
Ne7 9.Ba4 Ng6 10.Bb3 c6 11.Qe1 b5 12.Ne2 a5 13.a4 b4 14.Ng3 d5 15.exd5 
cxd5 16.e4 Bb7 17.Kh1 Qc7 18.Ng5 Nf4 19.d4 dxe4 20.N3xe4 Nxe4 21.Nxe4 Qc6 
22.Rxf4 exf4 23.d5 Qb6 24.Qh4 Rfe8 25.Ng5 h6 26.Nf3 Rad8 27.Rd1 g5 28.Qg4 
Qg6 29.d6 Rxd6 30.Rxd6 Qxd6 31.h4 Qd1+ 32.Kh2 Re1 33.Bxf7+ Kf8 0-1

[Event "14th EUR-ch"]
[Site "Legnica POL"]
[Date "2013.05.09"]
[Round "5"]
[White "Huber, Martin Christian"]
[Black "Khaetsky, Roman"]
[Result "0-1"]
[WhiteElo "2176"]
[BlackElo "2426"]
[EventDate "2013.05.05"]
[PlyCount "92"]

1.Nf3 f5 2.g3 Nf6 3.Bg2 g6 4.O-O Bg7 5.d4 O-O 6.b3 d6 7.Bb2 h6 8.c4 c6 9.
Nbd2 Qe8 10.Qc2 Na6 11.a3 g5 12.e3 Qh5 13.b4 Bd7 14.Ne1 e5 15.dxe5 dxe5 
16.Qd1 Rad8 17.Qxh5 Nxh5 18.Nb3 e4 19.Bxg7 Nxg7 20.Nc2 b6 21.Rfd1 c5 22.b5
Nc7 23.Bf1 f4 24.Be2 h5 25.Rd2 Be6 26.a4 f3 27.Bf1 Nf5 28.Rad1 Rxd2 29.
Rxd2 Kf7 30.Na3 Ke7 31.Rd1 Nd6 32.Nd2 Nce8 33.Nb3 Nf6 34.a5 Nd7 35.Rc1 Nb7
36.a6 Nd6 37.Nd2 Nf6 38.Rc3 Nf7 39.Rc1 Ne5 40.Ndb1 h4 41.Nc3 hxg3 42.hxg3 
Rh8 43.Rd1 Neg4 44.Nab1 Bf5 45.Nd5+ Nxd5 46.Rxd5 Ke6 0-1

[Event "14th EUR-ch"]
[Site "Legnica POL"]
[Date "2013.05.09"]
[Round "5"]
[White "Matinian, Nikita"]
[Black "Sahitaj, Naim"]
[Result "1-0"]
[WhiteElo "2491"]
[BlackElo "2256"]
[EventDate "2013.05.05"]
[PlyCount "45"]

1.e4 d6 2.d4 g6 3.Nc3 Bg7 4.Be3 Nf6 5.f3 Nbd7 6.Qd2 c6 7.h4 h5 8.a4 Qa5 9.
Nh3 b5 10.b4 Qxb4 11.axb5 Nb6 12.Nf4 Bh6 13.bxc6 e5 14.dxe5 dxe5 15.Nfd5 
Nbxd5 16.Nxd5 Nxd5 17.exd5 Qb2 18.Rd1 Bxe3 19.Qxe3 Bf5 20.Bd3 Bxd3 21.Rxd3
O-O 22.O-O Rac8 23.Qc5 1-0

[Event "14th EUR-ch"]
[Site "Legnica POL"]
[Date "2013.05.09"]
[Round "5"]
[White "Papasimakopoulos, Alexandros"]
[Black "Sipila, Vilka"]
[Result "0-1"]
[WhiteElo "2242"]
[BlackElo "2445"]
[EventDate "2013.05.05"]
[PlyCount "83"]

1.d4 d5 2.c4 e6 3.Nc3 Nf6 4.cxd5 exd5 5.Bg5 c6 6.Qc2 Bd6 7.e3 O-O 8.Bd3 h6
9.Bh4 Be6 10.Nf3 Nbd7 11.O-O Rc8 12.Rac1 c5 13.Nb5 Bb8 14.dxc5 Nxc5 15.
Nbd4 Bd7 16.b4 Nce4 17.Qb1 g5 18.Bg3 Bxg3 19.fxg3 g4 20.Ne5 Nd2 21.Nxd7 
Nxb1 22.Nxf6+ Qxf6 23.Rxf6 Rxc1+ 24.Kf2 Nc3 25.Rf4 h5 26.Rf5 Re8 27.Rg5+ 
Kf8 28.Rxh5 Ke7 29.Rh7 Ra1 30.Nf5+ Kf6 31.h4 Ne4+ 32.Bxe4 Rxe4 33.Nd6 Rxb4
34.Rh6+ Ke7 35.Nf5+ Kd7 36.e4 Rxe4 37.Rd6+ Kc7 38.Rxd5 Rxa2+ 39.Kf1 Ree2 
40.h5 Rf2+ 41.Ke1 Rxg2 42.Kf1 0-1

[Event "14th EUR-ch"]
[Site "Legnica POL"]
[Date "2013.05.09"]
[Round "5"]
[White "Nikolaidis, Konstantinos"]
[Black "Schachinger, Mario"]
[Result "1-0"]
[WhiteElo "2238"]
[BlackElo "2443"]
[EventDate "2013.05.05"]
[PlyCount "161"]

1.e4 e5 2.Nf3 Nc6 3.Bc4 Bc5 4.d3 Nf6 5.Nbd2 O-O 6.O-O d6 7.c3 a6 8.Bb3 Ba7
9.h3 Ne7 10.Re1 Ng6 11.Nf1 Be6 12.d4 Re8 13.Bc2 c6 14.Ng3 Rc8 15.Bg5 h6 
16.Be3 Bb8 17.Qd2 Qd7 18.Rad1 Red8 19.Qc1 Qe8 20.Nf5 Qf8 21.a3 Kh8 22.Kh1 
Re8 23.b4 d5 24.Nxe5 Bxf5 25.exf5 Nxe5 26.dxe5 Bxe5 27.Qd2 Rcd8 28.Bb6 Rd7
29.Bc5 Bd6 30.Bd4 Rde7 31.f3 Bf4 32.Qf2 Rxe1+ 33.Rxe1 Rxe1+ 34.Qxe1 Qd6 
35.Qe2 b5 36.a4 Bg3 37.Qe3 Bf4 38.Qe2 Qd8 39.a5 Nh5 40.Qe1 Bg3 41.Qe3 Bf4 
42.Qe1 Nf6 43.g3 Bd6 44.Kg2 Kg8 45.Qe3 Kf8 46.f4 Qe7 47.Kf3 Nd7 48.Qxe7+ 
Bxe7 49.g4 Bf6 50.Bxf6 gxf6 51.Bb3 Ke7 52.Ke3 Kd6 53.Kd4 Nb8 54.Bd1 Nd7 
55.Bf3 Nf8 56.h4 Nd7 57.g5 hxg5 58.fxg5 fxg5 59.hxg5 f6 60.g6 Ke7 61.g7 
Kf7 62.Bxd5+ cxd5 63.Kxd5 Ne5 64.Kc5 Nc4 65.Kc6 Ne3 66.Kb7 Nxf5 67.Kxa6 
Nd6 68.Kb6 f5 69.a6 Nc8+ 70.Kb7 f4 71.Kxc8 f3 72.a7 f2 73.a8=Q f1=Q 74.
Qb7+ Kg8 75.Qe7 Qf5+ 76.Kc7 Qf4+ 77.Kc6 Qc4+ 78.Kb6 Kh7 79.g8=Q+ Kxg8 80.
Qd8+ Kf7 81.Qc7+ 1-0

[Event "14th EUR-ch"]
[Site "Legnica POL"]
[Date "2013.05.09"]
[Round "5"]
[White "Mammadov, Zaur"]
[Black "Rindlisbacher, Jan"]
[Result "1-0"]
[WhiteElo "2442"]
[BlackElo "2241"]
[EventDate "2013.05.05"]
[PlyCount "69"]

1.d4 Nf6 2.Nf3 e6 3.e3 b6 4.Bd3 Bb7 5.O-O Be7 6.Nbd2 d5 7.b3 O-O 8.Bb2 c5 
9.Qe2 Nc6 10.c3 Rc8 11.Ne5 Nxe5 12.dxe5 Ne4 13.Bxe4 dxe4 14.Rfd1 Qc7 15.c4
Rfd8 16.Qg4 Qc6 17.Nf1 b5 18.cxb5 Qxb5 19.Nd2 Bd5 20.Rdc1 Qd3 21.Nc4 Bxc4 
22.Rxc4 Rd5 23.g3 Rcd8 24.Kg2 h5 25.Qxh5 Qd2 26.Bc3 Qc2 27.Ba5 Qb2 28.Bxd8
g6 29.Qg4 Qxa1 30.Bxe7 Rd1 31.Qxe4 Rg1+ 32.Kh3 Qf1+ 33.Kg4 Rh1 34.Bf6 Kh7 
35.Kg5 1-0

[Event "14th EUR-ch"]
[Site "Legnica POL"]
[Date "2013.05.09"]
[Round "5"]
[White "Diermair, Andreas"]
[Black "Hristodoulou, Panagiotis"]
[Result "1-0"]
[WhiteElo "2431"]
[BlackElo "2219"]
[EventDate "2013.05.05"]
[PlyCount "85"]

1.d4 Nf6 2.c4 g6 3.Nc3 Bg7 4.e4 d6 5.Nf3 O-O 6.Be2 Na6 7.O-O e5 8.Be3 Ng4 
9.Bg5 Qe8 10.h3 h6 11.Bh4 Nf6 12.Bxf6 Bxf6 13.c5 exd4 14.Nd5 Bd8 15.Bxa6 
bxa6 16.cxd6 Qxe4 17.Nxc7 Rb8 18.Re1 Qf4 19.Re5 Bb7 20.Nd5 Bxd5 21.Rxd5 
Rxb2 22.Rxd4 Qf6 23.d7 Bb6 24.Rd6 Qe7 25.Qd5 Kg7 26.Kh1 Rd8 27.Re1 Re2 28.
Rxe2 Qxe2 29.Qe5+ Qxe5 30.Nxe5 Bc7 31.Nc6 Bxd6 32.Nxd8 Bc7 33.Nc6 Kf6 34.
Kg1 Ke6 35.d8=Q Bxd8 36.Nxd8+ Ke7 37.Nb7 Kd7 38.Kf1 Kc7 39.Na5 Kb6 40.Nc4+
Kc5 41.Ne5 Kb4 42.Ke2 Ka3 43.Kd2 1-0

[Event "14th EUR-ch"]
[Site "Legnica POL"]
[Date "2013.05.09"]
[Round "5"]
[White "Schroll, Gerhard"]
[Black "Pavlidou, Ekaterini"]
[Result "1/2-1/2"]
[WhiteElo "2387"]
[BlackElo "2209"]
[EventDate "2013.05.05"]
[PlyCount "81"]

1.e4 c5 2.b3 d6 3.Nf3 Nf6 4.Bb5+ Nbd7 5.Qe2 g6 6.O-O Bg7 7.c3 a6 8.Bd3 O-O
9.Na3 b5 10.Bb2 Bb7 11.Rad1 Nh5 12.g3 Kh8 13.Bb1 e5 14.Ne1 Qe8 15.Ng2 f5 
16.f3 fxe4 17.fxe4 Qe6 18.c4 Ndf6 19.d3 Qh3 20.Bc1 Ng4 21.Ne3 Nxe3 22.Qxe3
b4 23.Nc2 Nf6 24.Qe2 Bc8 25.Ne3 Be6 26.Bc2 Ng4 27.Rxf8+ Rxf8 28.Rf1 Rxf1+ 
29.Nxf1 Bh6 30.Bd2 Bxd2 31.Qxd2 Qh6 32.Qxh6 Nxh6 33.Bd1 Ng8 34.Ne3 Nf6 35.
Kf2 Kg7 36.Be2 a5 37.Bd1 Kf7 38.Be2 Ke7 39.g4 h6 40.h4 g5 41.h5 1/2-1/2

[Event "14th EUR-ch"]
[Site "Legnica POL"]
[Date "2013.05.09"]
[Round "5"]
[White "Leiber, Bernard"]
[Black "Erturan, Yakup"]
[Result "0-1"]
[WhiteElo "2209"]
[BlackElo "2386"]
[EventDate "2013.05.05"]
[PlyCount "48"]

1.d4 Nf6 2.Nf3 e6 3.c4 b6 4.Nc3 Bb4 5.g3 Bxc3+ 6.bxc3 O-O 7.Bg2 Bb7 8.O-O 
d6 9.a4 Nc6 10.Nd2 Na5 11.e4 c5 12.Re1 cxd4 13.cxd4 Rc8 14.f4 Nxc4 15.Nxc4
Rxc4 16.Ba3 Re8 17.Bf1 Rc7 18.Bd3 Qd7 19.a5 bxa5 20.Bb2 Rb8 21.d5 exd5 22.
Bxf6 dxe4 23.Rxe4 Bxe4 24.Bxe4 Qe6 0-1

[Event "14th EUR-ch"]
[Site "Legnica POL"]
[Date "2013.05.09"]
[Round "5"]
[White "Petrisor, Adrian-Marian"]
[Black "Szumilas, Piotr"]
[Result "1-0"]
[WhiteElo "2378"]
[BlackElo "2198"]
[EventDate "2013.05.05"]
[PlyCount "89"]

1.e4 c5 2.Nf3 Nc6 3.d4 cxd4 4.Nxd4 g6 5.c4 Bg7 6.Be3 Nf6 7.Nc3 O-O 8.Be2 
d6 9.O-O Bd7 10.f3 Nxd4 11.Bxd4 Bc6 12.Qd2 a5 13.b3 Nd7 14.Be3 Nc5 15.Rab1
Qb6 16.Rfc1 Rfc8 17.Rc2 Qd8 18.Bf1 h5 19.a3 Kh7 20.b4 axb4 21.axb4 Na4 22.
Ne2 b6 23.Nd4 Bd7 24.f4 Bc6 25.Bd3 e5 26.Nxc6 Rxc6 27.f5 Rc7 28.fxg6+ fxg6
29.Ra1 Rca7 30.Rca2 Qd7 31.Qc2 h4 32.h3 Bh6 33.Bf2 Bf4 34.Ra3 Bg3 35.Bxg3 
hxg3 36.Be2 b5 37.cxb5 Nb6 38.Ra6 Rxa6 39.bxa6 Qa7 40.Kh1 Rc8 41.Qd3 Nc4 
42.Qxg3 Qd4 43.Rf1 Kg7 44.Rd1 Qxe4 45.Bd3 1-0

[Event "14th EUR-ch"]
[Site "Legnica POL"]
[Date "2013.05.09"]
[Round "5"]
[White "Tomazini, Zan"]
[Black "Iwanow, Anna"]
[Result "0-1"]
[WhiteElo "2370"]
[BlackElo "2195"]
[EventDate "2013.05.05"]
[PlyCount "90"]

1.e4 c5 2.c3 d5 3.exd5 Qxd5 4.d4 Nf6 5.Nf3 e6 6.Na3 Nc6 7.Be3 cxd4 8.Nb5 
Qd8 9.Nbxd4 Nd5 10.Bg5 f6 11.Bd2 Bc5 12.Bd3 Qb6 13.O-O O-O 14.Qc2 f5 15.
Nxc6 bxc6 16.a3 Bd6 17.c4 Nf6 18.Rfe1 c5 19.b4 Bb7 20.Ng5 Rae8 21.Rab1 Bb8
22.Bc3 Ng4 23.g3 Qc6 24.f3 cxb4 25.axb4 h6 26.Ne4 Ne5 27.Bxe5 Bxe5 28.Nd2 
Bd4+ 29.Kg2 g5 30.b5 Qd7 31.Rbd1 g4 32.Be2 Qc7 33.Rf1 Rf7 34.Nb3 Bc5 35.
Qd2 f4 36.Qd3 Rg7 37.Nxc5 Qxc5 38.Qd4 Qg5 39.Qf2 Rf8 40.Rd3 e5 41.Kg1 fxg3
42.hxg3 gxf3 43.Bd1 Qh4 44.Bxf3 Bxf3 45.Rxf3 Rxf3 0-1

[Event "14th EUR-ch"]
[Site "Legnica POL"]
[Date "2013.05.09"]
[Round "5"]
[White "Machan, Jan"]
[Black "Lomsadze, Davit"]
[Result "1/2-1/2"]
[WhiteElo "2173"]
[BlackElo "2370"]
[EventDate "2013.05.05"]
[PlyCount "148"]

1.d4 Nf6 2.Nf3 g6 3.g3 Bg7 4.Bg2 O-O 5.O-O d6 6.c4 Nc6 7.Nc3 a6 8.Bf4 Rb8 
9.Rc1 Bd7 10.Nd5 Nh5 11.Bg5 h6 12.Be3 e6 13.Nc3 Nf6 14.d5 Ne7 15.dxe6 Bxe6
16.b3 b5 17.c5 Nf5 18.Bd4 Nxd4 19.Nxd4 dxc5 20.Nxe6 fxe6 21.Qc2 g5 22.Ne4 
Nxe4 23.Qxe4 Qd6 24.Rfd1 Qb6 25.e3 Rbd8 26.Qg6 e5 27.Qc2 Rd6 28.Rd5 Rfd8 
29.Qxc5 Qxc5 30.Rcxc5 Bf8 31.Rxd6 Bxd6 32.Rc6 a5 33.Bd5+ Kg7 34.Kf1 Re8 
35.Ra6 b4 36.Rxa5 Rb8 37.Ra8 Rxa8 38.Bxa8 Kf6 39.Be4 Kg7 40.Ke2 Kf6 41.Kd3
Ke6 42.Bh7 Kf6 43.Ke4 Bf8 44.Kd5 Bd6 45.Be4 Bf8 46.Kc6 Bd6 47.Kd7 Kf7 48.
h3 Kf6 49.Bd3 Kf7 50.Bc4+ Kf6 51.e4 h5 52.g4 hxg4 53.hxg4 Kg6 54.Ke6 Bc5 
55.Kxe5 Bxf2 56.Ke6 Bg3 57.Bb5 Bf4 58.Bd3 Bg3 59.e5+ Kg7 60.Bf5 Bf4 61.Kd5
Kf7 62.Kc5 Bd2 63.Kc6 Ke7 64.Kxc7 Bf4 65.Kc6 Bxe5 66.Bb1 Bc3 67.Kc5 Kd7 
68.Kb5 Kc7 69.Ka4 Kb6 70.a3 Bd2 71.axb4 Be1 72.b5 Bd2 73.Bd3 Bf4 74.Kb4 
Bb8 1/2-1/2

[Event "14th EUR-ch"]
[Site "Legnica POL"]
[Date "2013.05.09"]
[Round "5"]
[White "Szwed, Jacek"]
[Black "Deac, Bogdan-Daniel"]
[Result "0-1"]
[WhiteElo "2354"]
[BlackElo "2183"]
[EventDate "2013.05.05"]
[PlyCount "86"]

1.c4 Nf6 2.Nc3 g6 3.e4 d6 4.g3 Bg7 5.Bg2 O-O 6.Nge2 c5 7.d3 Nc6 8.O-O a6 
9.h3 Rb8 10.a4 Ne8 11.Be3 Nc7 12.d4 cxd4 13.Nxd4 Ne6 14.Nde2 Bd7 15.b3 Nb4
16.Qd2 Nc5 17.Rfb1 a5 18.Bd4 Bxd4 19.Nxd4 b6 20.h4 f6 21.Nd5 Nbd3 22.Qe3 
e6 23.Nc3 Nb4 24.Rb2 Qe7 25.Rd1 Rbd8 26.Ncb5 e5 27.Ne2 Bxb5 28.cxb5 f5 29.
exf5 gxf5 30.Nf4 Qg7 31.Nd5 Nxd5 32.Bxd5+ Kh8 33.Rbd2 f4 34.Qc3 Rf6 35.Bg2
fxg3 36.Qxg3 Rg6 37.Qh2 Nxb3 38.Ra2 Nd4 39.Kh1 Qf7 40.Rb2 Rg4 41.Rd3 Qc4 
42.Rbd2 Rdg8 43.Bb7 Ne2 0-1

[Event "14th EUR-ch"]
[Site "Legnica POL"]
[Date "2013.05.09"]
[Round "5"]
[White "Antal, Tibor Kende"]
[Black "Krnic, Ivan"]
[Result "1-0"]
[WhiteElo "2349"]
[BlackElo "2166"]
[EventDate "2013.05.05"]
[PlyCount "49"]

1.d4 Nf6 2.c4 c5 3.d5 e5 4.Nc3 d6 5.e4 Nbd7 6.Be3 Be7 7.f3 h5 8.Qd2 Nf8 9.
Bd3 Ng6 10.Nge2 h4 11.O-O-O Nh5 12.g3 Bd7 13.f4 exf4 14.gxf4 Bf6 15.e5 
dxe5 16.Bxg6 fxg6 17.fxe5 Bxe5 18.Bxc5 Nf6 19.Nf4 Qc7 20.Nxg6 O-O-O 21.
Nxe5 Qxc5 22.Nf7 Bg4 23.Nxd8 Rxd8 24.Qd4 Qa5 25.Rd2 1-0

[Event "14th EUR-ch"]
[Site "Legnica POL"]
[Date "2013.05.09"]
[Round "5"]
[White "Stanciu, Alexandru-Ovidiu"]
[Black "Gebigke, Martin"]
[Result "1/2-1/2"]
[WhiteElo "2335"]
[BlackElo "2158"]
[EventDate "2013.05.05"]
[PlyCount "119"]

1.e4 c5 2.Nf3 d6 3.d4 cxd4 4.Nxd4 Nf6 5.Nc3 a6 6.Qf3 Nbd7 7.Be2 g6 8.Be3 
Bg7 9.h3 Ne5 10.Qg3 Qa5 11.O-O Nc6 12.Nb3 Qc7 13.Rad1 b5 14.Rfe1 O-O 15.f4
Bb7 16.Bf3 Rab8 17.Qf2 Ba8 18.g4 b4 19.Na4 Nd7 20.c4 bxc3 21.Nxc3 Nb4 22.
Nd4 Nc5 23.Qe2 Nc6 24.Nxc6 Bxc6 25.Rc1 Qb7 26.Bxc5 dxc5 27.b3 Bd4+ 28.Kg2 
e6 29.e5 f6 30.exf6 Rxf6 31.Bxc6 Qxc6+ 32.Qe4 Qd6 33.Ne2 e5 34.Rcd1 exf4 
35.Ng1 Rbf8 36.Nf3 Qd7 37.Re2 Rd6 38.Rf1 a5 39.Ng5 Be3 40.Qc4+ Kg7 41.Qc3+
Bd4 42.Qxa5 h6 43.Nf3 g5 44.Qe1 Bf6 45.Qc1 Rd3 46.Qc4 Rc3 47.Qe4 Qc7 48.
Rd1 Rf7 49.Qa8 Re7 50.Rdd2 c4 51.Rxe7+ Qxe7 52.bxc4 Rxc4 53.Qd5 Re4 54.Qb5
Qa3 55.Qd7+ Re7 56.Qf5 Qa6 57.Qc2 Qb7 58.Qf5 Qa6 59.Qc2 Qb7 60.Qf5 1/2-1/2